=LDR 00000nam 2200000 4500 =001 INLIS000000000015748 =005 20200402091345 =035 ##$$a 0010-061300000015748 =008 200402################g##########0#ind## =041 ##$$a Ind =082 ##$$a 2x0. 000 2 =090 ##$$a 2x9.01, Ars S =100 ##$$a Arsyad, M.Natsir =245 1#$$a Seputar sejarah dan muamalah Buku III : $b Seri buku pintar Islam /$c M.Natsir Arsyad;Penyunting, Bahruddin fanani =260 ##$$a Bandung :$b Al-Bayan,$c 1993 =300 ##$$a 230 hlm, : $b Ilus ; $c 20 x 14 cm. =650 #4$$a Islam-Sejarah =850 ##$$a NBPNMAT =084 ##$$a 2x0. 000 2 ARS s =250 ##$$a Cet. 1 =990 ##$$a 49.729/Pb-92 =990 ##$$a 81.237/pro95 =990 ##$$a 81.236/pro95 =990 ##$$a 49.728/pb92 =990 ##$$a 0001/BPAP-NTB/2016 =990 ##$$a 72.638/Pb-94 =990 ##$$a 81.237/pro95 =990 ##$$a 81.236/pro95 =990 ##$$a 49.728/pb92 =990 ##$$a 0001/BPAP-NTB/2016 =990 ##$$a 49.728/pb-92 =990 ##$$a 72.638/Pb-94 =990 ##$$a 81.237/pro95 =990 ##$$a 81.236/pro95 =990 ##$$a 0001/BPAP-NTB/2016